000 01044nab a2200361 4500
003 BR-BrBNA
005 20240925161153.0
008 240710b bl.||||| |||| 00| 0 por d
040 _aBR-BrBNA
_bpor
072 _aL01 ; Q02 ; E71
_b6100 ; 9705
100 _aCosta, Antônio
245 _aAvicultura vira agroindústria
_bAvicultura
500 _a5 illus.
650 _aAVICULTURA
650 _aRAÇA
650 _aFRANGO DE CORTE
650 _aCRIAÇÃO
650 _aABATE
650 _aABATEDOURO
650 _aGALPÃO
650 _aRAÇÃO
650 _aINCUBADEIRA
650 _aPESQUISA
650 _aCADEIA PRODUTIVA
650 _aAGROINDÚSTRIA
650 _aPROCESSAMENTO
650 _aLOGÍSTICA
650 _aEXPORTAÇÃO
650 _aTOCANTINS
773 0 _04604
_9317192
_dPalmas - Tocantins Terranova Gráfica e Editora Jornalística Ltda 2005
_o2024-3816
_tCerrado Rural Agronegócios (Brazil)
_x1980-2595
_gv. 4(21) p. 15-16; (Oct 2006)
_wBR2024001937
942 _cANA
999 _c300466
_d300466